Statistics for Mobile Brand Logo Quiz

Click here to take the quiz!

General Stats

  • This quiz has been taken 7,552 times
  • The average score is 7 of 12

Answer Stats

Answer% Correct
Apple
100%
Nokia
81%
Samsung
78%
LG
76%
Motorola
61%
Huawei
56%
Lenovo
48%
Oppo
47%
Blackberry
45%
Oneplus
41%
Xiaomi
41%
Honor
33%

Score Distribution

Percentile by Number Answered

Percent of People with Each Score

Your Score History

You have not taken this quiz